ბათუმის შოთა რუსთაველის სახელმწიფო უნივერსიტეტის ბიბლიოთეკა

ჩანაწერი Personal Name

ჩანაწერთა რაოდენობა, რომელიც გამოყენებულია: 4

001 - CONTROL NUMBER

  • control field: 1494

003 - CONTROL NUMBER IDENTIFIER

  • control field: GE_BSU

005 - DATE AND TIME OF LATEST TRANSACTION

  • control field: 20190522144727.0

008 - FIXED-LENGTH DATA ELEMENTS

  • fixed length control field: 190522|| aca||aabn | a|a d

040 ## - CATALOGING SOURCE

  • Original cataloging agency: GE_BSU
  • Transcribing agency: GE_BSU

100 ## - HEADING--PERSONAL NAME

  • Personal name: გაბიძაშვილი, მ

670 ## - SOURCE DATA FOUND

  • Source citation: Work cat.: (GE_BSU)38032: თოფურია,ს. 1414, მრავალი ცვლადის ფუნქციის დიფერენციალური აღრიცხვა.ერთი ცვლადის ფუნქციის ინტეგრალური აღრიცხვა.დიფერენციალური განტოლებები.თეორია და ამოცანათა კრებული, 1991.